INTEREKOTECHNIKA '81 znižovanie obsahu škodlivín v ovzduší

Na minha lista:
Detalhes bibliográficos
Formato: Livro
Idioma:eslovaco
Publicado em: Bratislava Dom techniky ČSVTS 1981
Tags: Adicionar Tag
Sem tags, seja o primeiro a adicionar uma tag!

MARC

LEADER 00000nam a2200000 4500
001 c126739
005 20221220103534.8
041 0 |a slo 
044 |a SK 
245 1 0 |a INTEREKOTECHNIKA '81  |b znižovanie obsahu škodlivín v ovzduší 
264 1 |a Bratislava  |b Dom techniky ČSVTS  |c 1981 
300 |a 161 s.